000 00312 a2200157 4500
001 184777
020 _a
040 _cMagnum
100 _aLuz, Mônica
240 1 0 _aProjetos escolares
_lpor
245 1 0 _aProjetos escolares
300 _a66
362 0 _a2005
697 _aCIÊNCIAS PURAS
942 _cBK
999 _c184777
_d184777